=LDR 00000nam 2200000 4500 =001 INLIS000000000001500 =005 20181121084143 =035 ##$$a 0010-061300000001500 =008 181121###########################0###### =041 ##$$a Ind =082 ##$$a 372.04 =090 ##$$a 372.04, Wah-p =100 ##$$a WAHYUTOMO =245 1#$$a Perguruan Tinggi Pesantren Pendidikan Alternatif Masa Depan, Wahjoetomo =260 ##$$a 1997 :$b Jakarta =300 ##$$a 141 hlm, 21 cm =650 ##$$a Perguruan Tinggi =650 ##$$a Indonesia =850 ##$$a NBPNMAT =084 ##$$a 372.04 WAH p =990 ##$$a 137.981/Pb.98 =990 ##$$a 137.982/Pb.98 =990 ##$$a 137.983/Pb.98 =990 ##$$a 00051321 =990 ##$$a 21602047/BPAP-NTB/2017